Регионална библиотека "Любен Каравелов" - Русе

Чжен-Цзю-Ксюе (Запис номер 61284)

MARC детайли
000 -Лидер
Контролно поле с фиксирана дължина 01316nam a2200289 c 4500
003 - Код на организацията, давaща контролен номер
Контролно поле BLK
005 - Дата и час на последна редакция
Контролно поле 20180422102431.0
008 - Елементи от данни с фиксирана дължина
fixed length control field 180408b bul|||||r ||||||| ||bul||
010 ## - Наследен системен номер
LC control number KNG00065480000
040 ## - Източник на каталожния запис
Идентификатор на билиотеката - собственик на записа BLK
041 ## - Код за език
Код за езика на текст/звукозапис или на отделно заглавие Български
Код за езика КДБФ Български
080 ## - УДК
Текстов определител УДК Механично действащи средства - Използване на дразнещи кожата средства за лечение:пиявици, акупунктура, пчелно ожилване, изкуствено дишане, реанимация, сърдечен масаж, пейсмейкъри
УДК код - определител по УДК 615.81
УДК определител (035)
УДК - код + определител 615.81(035)
139 ## - Редно поле
Редна дума Чжен-Цзю-Ксюе
Авторски знак Чеш - Ч 78
245 10 - Сведения за заглавието
Заглавие Чжен-Цзю-Ксюе
Подзаглавни данни Анатомия и физиология на акупунктурата : Убождане и обгаряне на точки : Т. 1 -
Редно поле (дума) състав. Абу Талиб; прев. Г. Димов.
Том Т. 2
257 ## - Страна на издаване
Страна на създаване/издаване България
260 ## - Област на издателските данни
-- Варна
Име на издателя, разпространителя и проч. Амбасадор
Година на издаване 1993 -
300 ## - Физическа характеристика
Размери/Мащаб 22 см
380 ## - Жанр
Жанр Медицина
700 1# - Други автори (авторска отговорност)
Лично име Талиб, Абу
Автороска отговорност (Описва отношението между автора и произведението) състав.
9 (RLIN) 290383
700 1# - Други автори (авторска отговорност)
Лично име Димов, Г.
Автороска отговорност (Описва отношението между автора и произведението) прев.
9 (RLIN) 370032
760 1# - Описание на основната серия
Място на издаване, издател и година 1995
Страници - том 195 с., 22 см
Заглавие Т. 2
852 ## - Местоположение
Форматна сигнатура Цб 180115
856 4# - Електронен адрес и достъп
Електронен формат pdf - файл
Път до файла /url/
856 4# - Електронен адрес и достъп
Електронен формат pdf - файл
Път до файла /url/
942 ## - АРТИКУЛИ
Вид на библиотечния материал Книги
Скрит в OPAC Не
944 ## - СЪЗДАВАНЕ И РЕДАКЦИЯ на ЗАПИСА
Създаване/Редакция Създаване
Дата на регистрацията/редакция 13.06.2004
Служител, извършил регистрацията/редакцията Кети_Илиева
944 ## - СЪЗДАВАНЕ И РЕДАКЦИЯ на ЗАПИСА
Създаване/Редакция Редакция
Дата на регистрацията/редакция 22.06.2004
Служител, извършил регистрацията/редакцията
999 ## - СИСТЕМНИ КОНТРОЛНИ НОМЕРА
Koha biblionumber 61284
Koha biblioitemnumber 61284
Наличности
Код за отписване Код за изгубен артикул Източник на класификационната схема Код за повреда Коз за рестрикции Код за отдаване Артикулен № Име на библиотеката - собственик Име на библиотеката, в която се намира в момента Статус (Текущо местоположение) Дата на вписване в системата Местоположение - отдел Цена в лева Инвентарен номер Систематично азбучна сигнатура Баркод Номер на екземпляра Цена в евро Служебна бележка Служебен тип на артикула
  Не е изгубен Universal Decimal Classification Не е повреден без рестрикции ползва се в читалня 101389 Регионална библиотека "Любен Каравелов" Русе Регионална библиотека "Любен Каравелов" Русе Читалня 1995-01-01 Читалня 3.20 602044 Ч 615/Ч 78 120000602044 1 1.64 Дост: Pk Вид: Ф N: стар фонд Дата: 01.01.1995 Дата инв: 17.03.2017 Бележки инв: Ч2017 Книги
Vip Innovations Ltd, Rousse, Bulgaria 2025